000 00657cam a2200205 a 4500
003 CO-ViMGA
008 060313s2005 sp ao r 001 0 spa d
020 _a8434226901
040 _aCO-ViMGA
_bspa
_cCO-ViMGA
082 0 4 _aR709
_219
_bB17h
100 1 _aBargalló i Chaves, Eva
_d1960-
_9379
245 1 0 _aAtlas básico de historia del arte
_cEva Bargalló i Chaves
250 _a1a ed.
260 _aBarcelona, España
_bParramón Ediciones
_c2005.
300 _a96 p.
_bilustraciones, fotos a color
_c28 cm.
500 _aIncluye glosario e índice.
650 2 4 _aArte
_xEnseñanza
_vAtlas
_9381
650 2 4 _aArte
_xHistoria
_vAtlas
_9380
942 _2ddc
_cREF
999 _c12066
_d12066